[Event "SVK-chT2A 1617"]
[Site "Slovakia"]
[Date "2016.12.03"]
[Round "5.6"]
[White "Kosegi, Marek"]
[Black "Petreje, Juraj"]
[Result "1-0"]
[WhiteElo "1910"]
[BlackElo "2004"]
[PlyCount "43"]
[EventDate "2016.10.08"]
[EventType "team-tourn"]
[EventRounds "11"]
[EventCountry "SVK"]
[SourceTitle "EXT 2018"]
[Source "ChessBase"]
[SourceDate "2017.10.13"]
[SourceVersion "1"]
[SourceVersionDate "2017.10.13"]
[SourceQuality "1"]
[WhiteTeam "Devinska Nova Ves II"]
[BlackTeam "Krasnany"]
[WhiteTeamCountry "SVK"]
[BlackTeamCountry "SVK"]

1. e4 d6 2. d4 Nf6 3. Nc3 g6 4. f4 Bg7 5. Nf3 c6 6. Bd3 0-0 7. 0-0 b5 8. e5 Nfd7 9. exd6 exd6 10. a4 b4 11. Ne4 Nf6 12. Nxf6+ Bxf6 13. Bd2 a5 14. c3 Qb6 15. Qc2 c5 16. dxc5 dxc5 17. Kh1 Nc6 18. f5 Rd8 19. fxg6 hxg6 20. Bxg6 b3 21. Bxf7+ Kxf7 22. Ng5+ 1-0

[Event "SVK-chT2A 1617"]
[Site "Slovakia"]
[Date "2016.10.09"]
[Round "2.6"]
[White "Kosegi, Marek"]
[Black "Merva, Frantisek"]
[Result "0-1"]
[WhiteElo "1910"]
[BlackElo "2102"]
[PlyCount "116"]
[EventDate "2016.10.08"]
[EventType "team-tourn"]
[EventRounds "11"]
[EventCountry "SVK"]
[SourceTitle "CBM 175 Extra"]
[Source "ChessBase"]
[SourceDate "2016.12.12"]
[SourceVersion "1"]
[SourceVersionDate "2016.12.12"]
[SourceQuality "1"]
[WhiteTeam "Devinska Nova Ves II"]
[BlackTeam "Potonska Veza"]
[WhiteTeamCountry "SVK"]
[BlackTeamCountry "SVK"]

1. d4 d5 2. Nf3 Nf6 3. c4 c6 4. e3 a6 5. Nc3 Bg4 6. h3 Bf5 7. Bd3 Bxd3 8. Qxd3 e6 9. e4 dxe4 10. Nxe4 Nxe4 11. Qxe4 Bb4+ 12. Bd2 Bxd2+ 13. Nxd2 Nd7 14. 0-0 Nf6 15. Qe5 0-0 16. Rfe1 Qb8 17. Qg5 Qd6 18. Nb3 a5 19. Re3 a4 20. Qe5 Qxe5 21. dxe5 axb3 22. exf6 bxa2 23. Ra3 Rxa3 24. bxa3 gxf6 25. Rxa2 Ra8 26. Rb2 Rxa3 27. Rxb7 Ra4 28. Kf1 Rxc4 29. Ke2 Rd4 30. Rc7 Rd6 31. Ke3 Kg7 32. g4 f5 33. gxf5 exf5 34. Kf4 Kf6 35. Rc8 h6 36. Rc7 Ke6 37. h4 f6 38. h5 Rd4+ 39. Kg3 Kd5 40. Rd7+ Ke5 41. Re7+ Kd6 42. Rf7 Ke6 43. Rc7 f4+ 44. Kg4 f5+ 45. Kf3 Rd6 46. Kxf4 Kf6 47. Rh7 Rd4+ 48. Ke3 Re4+ 49. Kf3 Kg5 50. Rc7 Rc4 51. Rf7 Rc3+ 52. Kg2 c5 53. Rf8 c4 54. f4+ Kxf4 55. Rg8 Rc2+ 56. Kf1 Kf3 57. Ke1 c3 58. Kd1 Rg2 0-1

[Event "SVK-chT2A 1617"]
[Site "Slovakia"]
[Date "2016.10.08"]
[Round "1.6"]
[White "Pusec, Pavol"]
[Black "Kosegi, Marek"]
[Result "0-1"]
[WhiteElo "1984"]
[BlackElo "1910"]
[PlyCount "72"]
[EventDate "2016.10.08"]
[EventType "team-tourn"]
[EventRounds "11"]
[EventCountry "SVK"]
[SourceTitle "CBM 175 Extra"]
[Source "ChessBase"]
[SourceDate "2016.12.12"]
[SourceVersion "1"]
[SourceVersionDate "2016.12.12"]
[SourceQuality "1"]
[WhiteTeam "Senec"]
[BlackTeam "Devinska Nova Ves II"]
[WhiteTeamCountry "SVK"]
[BlackTeamCountry "SVK"]

1. d4 d5 2. Nf3 Nf6 3. c4 c6 4. Nc3 e6 5. e3 Nbd7 6. Bd3 dxc4 7. Bxc4 b5 8. Bd3 Bb7 9. a3 a6 10. 0-0 c5 11. Qe2 cxd4 12. exd4 Be7 13. Ne5 0-0 14. Bg5 Nb6 15. Rad1 Nbd5 16. Nxd5 Qxd5 17. Nf3 h6 18. Bxf6 Bxf6 19. Rfe1 Rfd8 20. Be4 Qxe4 21. Qxe4 Bxe4 22. Rxe4 Rac8 23. g3 Rc2 24. b4 Rdc8 25. Rd2 R2c3 26. Re3 Rxe3 27. fxe3 Rc3 28. Kf2 Rxa3 29. e4 Be7 30. Ke2 Bxb4 31. Rc2 Rc3 32. Rxc3 Bxc3 33. d5 exd5 34. exd5 Kf8 35. Kd3 Bf6 36. Nd2 Ke7 0-1

[Event "SVK-chT2A 1516"]
[Site "Slovakia"]
[Date "2016.03.13"]
[Round "11.8"]
[White "Kosegi, Marek"]
[Black "Danada, Ondrej"]
[Result "1-0"]
[WhiteElo "1909"]
[BlackElo "1936"]
[PlyCount "111"]
[EventDate "2015.10.17"]
[EventType "team-tourn"]
[EventRounds "11"]
[EventCountry "SVK"]
[SourceTitle "EXT 2017"]
[Source "ChessBase"]
[SourceDate "2016.10.25"]
[SourceVersion "1"]
[SourceVersionDate "2016.10.25"]
[SourceQuality "1"]
[WhiteTeam "Devinska Nova Ves II"]
[BlackTeam "Osuske II"]
[WhiteTeamCountry "SVK"]
[BlackTeamCountry "SVK"]

1. d4 e6 2. c4 Nf6 3. Nf3 b6 4. g3 Ba6 5. b3 Bb4+ 6. Bd2 Be7 7. Bg2 c6 8. 0-0 0-0 9. Bc3 d5 10. Nbd2 Ne4 11. Nxe4 dxe4 12. Nd2 f5 13. e3 Bf6 14. f3 c5 15. Nb1 Bb7 16. fxe4 Bxe4 17. Bxe4 fxe4 18. dxc5 Qd3 19. Qxd3 exd3 20. Bxf6 gxf6 21. cxb6 axb6 22. Nc3 Nc6 23. Na4 Nb4 24. Rad1 Rad8 25. Rd2 Rd6 26. Rfd1 Rfd8 27. Kf2 f5 28. c5 bxc5 29. Nxc5 Rc8 30. Nxd3 Nxd3+ 31. Rxd3 Rc2+ 32. Kf3 Rxd3 33. Rxd3 Rxa2 34. h4 h6 35. Kf4 Kf7 36. Ke5 Ra5+ 37. Kd6 Kf6 38. b4 Rb5 39. Rb3 Rd5+ 40. Kc6 Ke7 41. b5 Rd6+ 42. Kb7 Kd7 43. b6 Rd1 44. Kb8 Re1 45. b7 Re2 46. Rd3+ Ke7 47. Ra3 Rb2 48. Ka7 Kf6 49. b8Q Rxb8 50. Kxb8 Kg6 51. Kc7 e5 52. Kd6 f4 53. exf4 exf4 54. gxf4 Kf5 55. Ra4 Kg4 56. Ke5 1-0

[Event "SVK-chT2A 1516"]
[Site "Slovakia"]
[Date "2015.10.17"]
[Round "1.8"]
[White "Kosegi, Marek"]
[Black "Marosi, Csaba"]
[Result "1/2-1/2"]
[WhiteElo "1909"]
[BlackElo "2020"]
[PlyCount "22"]
[EventDate "2015.10.17"]
[EventType "team-tourn"]
[EventRounds "11"]
[EventCountry "SVK"]
[SourceTitle "CBM 169 Extra"]
[Source "ChessBase"]
[SourceDate "2015.12.18"]
[SourceVersion "1"]
[SourceVersionDate "2015.12.18"]
[SourceQuality "1"]
[WhiteTeam "Devinska Nova Ves II"]
[BlackTeam "Velky Meder"]
[WhiteTeamCountry "SVK"]
[BlackTeamCountry "SVK"]

1. d4 e6 2. c4 d5 3. Nf3 c5 4. cxd5 exd5 5. Nc3 Nc6 6. Bf4 Nf6 7. e3 Be7 8. Be2 0-0 9. 0-0 Be6 10. Rc1 c4 11. Ne5 Qa5 1/2-1/2

[Event "Bratislava Doprastav op"]
[Site "Bratislava"]
[Date "2013.07.01"]
[Round "5"]
[White "Jambrich, Jaromir"]
[Black "Kosegi, Marek"]
[Result "1/2-1/2"]
[WhiteElo "1611"]
[BlackElo "1848"]
[PlyCount "70"]
[EventDate "2013.06.28"]
[EventType "swiss"]
[EventRounds "9"]
[EventCountry "SVK"]
[SourceTitle "EXT 2015"]
[Source "ChessBase"]
[SourceDate "2014.11.20"]
[SourceVersion "1"]
[SourceVersionDate "2014.11.20"]
[SourceQuality "1"]

1. d4 d5 2. c4 c6 3. Nf3 Nf6 4. e3 e6 5. Bd3 Nbd7 6. Nc3 dxc4 7. Bxc4 b5 8. Bd3 a6 9. 0-0 c5 10. dxc5 Bxc5 11. Ne4 Be7 12. a4 Rb8 13. axb5 axb5 14. b3 Nxe4 15. Bxe4 Bf6 16. Rb1 0-0 17. Qc2 g6 18. Rd1 Qb6 19. Bb2 Bxb2 20. Rxb2 Nc5 21. Rc1 Nxe4 22. Qxe4 Bb7 23. Qd4 Qxd4 24. Nxd4 Rfc8 25. Rbc2 Rxc2 26. Rxc2 Bd5 27. b4 Ra8 28. h3 Ra1+ 29. Kh2 Bc4 30. Rb2 Kg7 31. Nc2 Rd1 32. Na3 Kf6 33. Nxc4 bxc4 34. Rc2 Rb1 35. Rxc4 h5 1/2-1/2

[Event "SVK-chT1W 0607"]
[Site "Slovakia"]
[Date "2006.11.05"]
[Round "4.6"]
[White "Masarik, Drahoslav"]
[Black "Kosegi, Marek"]
[Result "1/2-1/2"]
[WhiteElo "2039"]
[BlackElo "1963"]
[PlyCount "90"]
[EventDate "2006.10.07"]
[EventType "team-tourn"]
[EventRounds "11"]
[EventCountry "SVK"]
[SourceTitle "EXT 2008"]
[Source "ChessBase"]
[SourceDate "2007.11.25"]
[SourceVersion "1"]
[SourceVersionDate "2007.11.25"]
[SourceQuality "1"]
[WhiteTeam "Trencin SK"]
[BlackTeam "Devinska Nova Ves"]
[WhiteTeamCountry "SVK"]
[BlackTeamCountry "SVK"]

1. c4 Nf6 2. Nc3 g6 3. g3 Bg7 4. Bg2 0-0 5. d4 d6 6. Nf3 Nbd7 7. 0-0 c6 8. e4 e5 9. h3 Re8 10. dxe5 Nxe5 11. Nxe5 dxe5 12. Qe2 Be6 13. Be3 Qc7 14. Rad1 Rad8 15. c5 Nh5 16. b4 Rxd1 17. Rxd1 Rd8 18. a3 Rd7 19. Na4 Bb3 20. Rxd7 Qxd7 21. Nb2 Nf6 22. Nc4 Bxc4 23. Qxc4 Qd1+ 24. Bf1 h5 25. Qd3 Qxd3 26. Bxd3 a6 27. Kf1 Kf8 28. Ke2 Ne8 29. Kd1 Nc7 30. Kc2 Ke7 31. Kb3 Ne6 32. Kc4 Kd7 33. a4 Bf8 34. b5 axb5+ 35. axb5 Be7 36. f4 exf4 37. gxf4 Bh4 38. f5 Ng5 39. fxg6 fxg6 40. Bxg5 Bxg5 41. bxc6+ bxc6 42. e5 Ke6 43. Bxg6 Kxe5 44. Bxh5 Be3 45. Bf3 Bxc5 1/2-1/2

[Event "SVK-chT1W 0304"]
[Site "Slovakia"]
[Date "2004.??.??"]
[Round "8"]
[White "Kundrak, Vladimir"]
[Black "Kosegi, Marek"]
[Result "1-0"]
[WhiteElo "1995"]
[BlackElo "1855"]
[PlyCount "79"]
[EventDate "2003.10.??"]
[EventType "team-tourn"]
[EventRounds "9"]
[EventCountry "SVK"]
[SourceTitle "EXT 2007"]
[Source "ChessBase"]
[SourceDate "2006.11.23"]
[SourceVersion "1"]
[SourceVersionDate "2006.11.23"]
[SourceQuality "1"]

1. e4 c5 2. Nf3 Nc6 3. d4 cxd4 4. c3 dxc3 5. Nxc3 d6 6. Bc4 e6 7. Qe2 Nf6 8. 0-0 a6 9. Rd1 Qc7 10. Bf4 Be7 11. Rac1 0-0 12. a3 Bd7 13. b4 b5 14. Ba2 Rac8 15. Qd2 e5 16. Bg5 Be6 17. Nd5 Nxe4 18. Nxc7 Nxd2 19. Rxd2 Bxg5 20. Nxg5 Bxa2 21. Rxc6 Bc4 22. Rdxd6 Rfd8 23. Nxa6 h6 24. Rxc8 Rxc8 25. Ne4 Bd3 26. Nec5 Bg6 27. f3 Kf8 28. Rb6 Rd8 29. Rb8 Ke7 30. Rxd8 Kxd8 31. Ne4 Kd7 32. Nac5+ Kc6 33. Nc3 f6 34. Kf2 Bf7 35. Ke3 Bc4 36. g3 Bf7 37. f4 g5 38. fxe5 fxe5 39. Ke4 Bg6+ 40. Kxe5 1-0

[Event "SVK-chT1W 0203"]
[Site "Slovakia"]
[Date "2003.02.09"]
[Round "9.8"]
[White "Karlik, Lubomir"]
[Black "Kosegi, Marek"]
[Result "1/2-1/2"]
[WhiteElo "1891"]
[BlackElo "1739"]
[PlyCount "91"]
[EventDate "2002.10.12"]
[EventType "tourn"]
[EventRounds "11"]
[EventCountry "SVK"]
[SourceTitle "EXT 2005"]
[Source "ChessBase"]
[SourceDate "2004.11.15"]
[SourceVersion "1"]
[SourceVersionDate "2004.11.15"]
[SourceQuality "1"]
[WhiteTeam "Osuske"]
[BlackTeam "Devinska Nova Ves"]
[WhiteTeamCountry "SVK"]
[BlackTeamCountry "SVK"]

1. d4 Nf6 2. c4 g6 3. Nc3 d5 4. Bg5 Bg7 5. Bxf6 exf6 6. cxd5 c5 7. dxc6 Nxc6 8. e3 Qb6 9. Qd2 0-0 10. Nf3 Rd8 11. Be2 f5 12. 0-0 f4 13. Rac1 Bh6 14. Na4 fxe3 15. fxe3 Qa5 16. Qxa5 Bxe3+ 17. Kh1 Nxa5 18. Rcd1 Bf5 19. Bd3 Bg4 20. h3 Bxf3 21. Rxf3 Bxd4 22. Bf1 Nc6 23. Rfd3 a6 24. Be2 Bg7 25. Nc5 Rxd3 26. Bxd3 Bxb2 27. Nxb7 Rb8 28. Bxa6 Nb4 29. Nc5 Nxa6 30. Nxa6 Ra8 31. Rb1 Bd4 32. Rb8+ Rxb8 33. Nxb8 f5 34. Nc6 Bc5 35. Kh2 Kf7 36. Kg3 Ke6 37. Kf4 h6 38. Na5 Bd6+ 39. Kf3 Kd5 40. Nb3 g5 41. Nd2 Kd4 42. Nf1 h5 43. a4 g4+ 44. hxg4 hxg4+ 45. Ke2 f4 46. a5 1/2-1/2